LEADER 01048nam a2200241 4500 001 000000361202 003 CaOOAMICUS 005 20241220153822.0 008 241216s2020 it 000 u ita r 020 $a978-88-320-4738-7 040 $aSeMil$bita 100 1 $aGalli Stampino, Pierluigi,$c.$0(OLS)http://semarc/name/93236 245 13$aLo sguardo di un amore che è dono :$bnovena di Natale in famiglia /$cPierLuigi Galli Stampino. 264 1$aMilano :$bIn Dialogo,$c2020. 300 $a77 p. ;$c16 cm 650 4$aNatale - Meditazioni.$0(OLS)http://semarc/subject/7608 850 $aSeMil 852 $aSeMil$W1$xVenegono$y1$m5D VI 1/5$j253981$B252178$CSeMilBibl$Z2$F252178 $81 961 $aPassoni don Cristiano - Omaggio 996 $6020$a978-88-320-4738-7$9(OLS)http://semarc/number/302121 996 $6245$aLo sguardo di un amore che è dono :$bnovena di Natale in famiglia$9(OLS)http://semarc/title/451875 996 $6264$aMilano :$bIn Dialogo$9(OLS)http://semarc/publisher/31663 LEADER 01318nam a2200277 4500 001 000000348618 003 CaOOAMICUS 005 20211124110129.0 008 211124s2015 vp 000 u eng r 020 $a978-0-567-66254-5 040 $aSeMil$bita 100 1 $aSmit, Peter Ben.$0(OLS)http://semarc/name/115073 245 10$aParadigms of being in Christ :$ba study of the Epistle to the Philippians /$cby Peter-Ben Smit. 264 1$aLondon [etc.] :$bBloomsbury,$c2015. 300 $aXIV, 202 p. ;$c24 cm 490 1 $aInternational studies on Christian origins 490 1 $aLibrary of New Testament studies ;$v476 650 4$aBibbia - NT - Epistola ai Filippesi.$0(OLS)http://semarc/subject/30652 830 0$aInternational studies on Christian origins.$0(OLS)http://semarc/title/438052 830 0$aLibrary of New Testament studies ;$v476.$0(OLS)http://semarc/title/438054 850 $aSeMil 852 $aSeMil$W1$xVenegono$y1$m2Z III 279$j270828$B239752$CSeMilBibl$Z2$F239752 $81 996 $6020$a978-0-567-66254-5$9(OLS)http://semarc/number/294660 996 $6245$aParadigms of being in Christ :$ba study of the Epistle to the Philippians$9(OLS)http://semarc/title/438051 996 $6264$aLondon [etc.] :$bBloomsbury$9(OLS)http://semarc/publisher/57290